000 00460nab a2200145Ia 4500
003 ES-SlBCS
005 20210601124313.0
008 140529s1984 xxu||||| |||| 00| 0 eng d
041 _aeng
100 1 _aReagan, Timothy
_9139373
245 0 0 _aHistory, Politics and Education: The Trouble with The Troubled Crusade
_c Timothy Reagan
650 0 4 _aEducación
_986687
773 0 _tEducational Theory
_gvol. 34, nº. 2, 1984, págs. 193-199
_wRev1399
942 _cAR
999 _c512623
_d512623